000 00686nam a2200217Ii 4500
003 JO-AjNU
008 230606s9999||||xx |||||||||||||| ||und||
020 _a97803409500-12
040 _aJO-AjNU
_beng
_erda
_cJO-AjNU
041 _aeng
050 1 4 _aP241.H37 2010
100 3 _ahaspelmath,Martin تأليف/D.Sims,Andrea تأليف,
_eauthor
_91631
245 0 0 _aAnderstanding Morphology:Anderstanding Language Series
250 _a2 ed
264 3 1 _aLondon:Hodder Education An Hachette Uk Company,2010
300 _a366p
336 _atext
_btxt
_2rdacontent
337 _aunmediated
_bn
_2rdamedia
338 _avolume
_bnc
_2rdacarrier
650 4 _aAnderstanding Morphology
_91632
999 _aE856
_c856
_d856